000 00361 a2200133 4500
000 nam a22 7a 4500
100 _a Desai, C S
110 _a Desai, C S
245 _aPerspective Philosophy and Legacy of Mahatma Gandhi
250 _aLatest edition
260 _bShri Sai Printographers
_c2024
264 _bShri Sai Printographers
_c2024
942 _cBK
999 _c394735
_d394735